Gestão de materiais de construção / (Record no. 1138)

MARC details
000 -LÍDER
Campo Fixo de Controle 00805nam a2200253 a 4500
001 - NÚMERO DE CONTROLE
Campo de Controle 1138
003 - IDENTIFICAÇÃO DO NÚMERO DE CONTROLE
Campo de Controle BR-CuiBMT
005 - DATA E HORA DA ÚLTIMA ATUALIZAÇÃO
Campo de Controle 20231129202529.0
008 - DADOS FIXOS
Dados Fixos 231129s2004 SPBa 000 0 por d
020 ## - INTERNATIONAL STANDARD BOOK NUMBER
Nº do ISBN 8586872377
040 ## - AGÊNCIA CATALOGADORA
Código da Agência Catalogadora BR-CuiBMT
Agência que transcreveu o registro BR-CuiBMT
080 ## - Nº DA CLASSIFICAÇÃO DECIMAL UNIVERSAL
Nº Class. CDU 691:658.56
Nº edição CDU 2007
090 ## - NÚMERO DE CHAMADA
Nº classificação 691:658.56
Cutter S729g
100 10 - ENTRADA PRINCIPAL -- AUTOR PESSOAL
Nome pessoal Souza, Roberto de.
245 10 - TÍTULO PRINCIPAL
Título principal Gestão de materiais de construção /
Indicação de responsabilidade Roberto de Souza, Marcos Roberto Tamaki.
260 ## - PUBLICAÇÃO, DISTRIBUIÇÃO, ETC.
Local de publicação São Paulo :
Editora O Nome da Rosa,
Data 2004.
300 ## - DESCRIÇÃO FÍSICA
N. páginas ou volumes 134 p. :
Ilustrações il. ;
Dimensões 28 cm
504 ## - NOTA DE BIBLIOGRAFIA, ETC.
Nota de bibliografia inclui bibliografia
650 ## - ASSUNTO TÓPICO
Cabeçalho tópico ou nome geográfico Materiais de construção
Subdivisão geral Controle de qualidade
650 ## - ASSUNTO TÓPICO
Cabeçalho tópico ou nome geográfico Administração de materiais
650 ## - ASSUNTO TÓPICO
Cabeçalho tópico ou nome geográfico Indústria da construção
Subdivisão geral Controle de qualidade
700 ## - ENTRADA SECUNDÁRIA -- NOME PESSOAL
Nome pessoal Tamaki, Marcos Roberto
942 ## - ELEMENTOS DE ENTRADA ADICIONAIS (KOHA)
Fonte de classificação ou esquema de arquivamento Classificação Decimal Universal
Tipo de item do Koha Livros
Holdings
Estado: removido Estado: perdido Fonte de classificação ou esquema de arquivamento Estado: danificado Indisponível para empréstimo Localização permanente Localização atual Data de aquisição Total Checkouts Número de Chamada completo Código de barras Date last seen Número do exemplar Preço efetivo a partir de Tipo de item (Koha)
    Classificação Decimal Universal     Biblioteca da Escola Superior de Contas do TCE/MT Biblioteca da Escola Superior de Contas do TCE/MT 02/04/2013   691:658.56 S729g BIBTCEMT23111326 29/11/2023 Ex. 1 29/11/2023 Livros

Powered by Koha